00580 2200217 4500001002100000005001500021035002000036007000300056008004100059020001800100082001000118084001600128100001700144245003300161260003500194500008400229650001600313856001700329990000800346990000800354INLIS00000000000016320220217065733 a0010-0222000041ta220217 g 0 ind  a9789796623983 a297.5 a297.5 ROS k0 aRosid Kusnan1 aKisah - Kisah Akhlak Teladan aKlaten :bCempaka Putih,c2009 amengangkat beberapa kisah teladan yang dapat menjadi cermin bagi kehidupan kita 4aEtika Islam aKoleksi Umum a774 a775